|
|
|
|
| LEADER |
00988cam a2200301 a 4500 |
| 001 |
c000389216 |
| 003 |
CARM |
| 005 |
20120313131928.0 |
| 008 |
120313s1980 enk b 001 0 eng d |
| 015 |
|
|
|a GB***
|
| 019 |
1 |
|
|a 23856906
|z 1936006
|z 27522532
|5 LACONCORD2021
|
| 020 |
|
|
|a 0715378945
|c £7.50 : CIP entry
|
| 035 |
|
|
|a (OCoLC)6738469
|5 LACONCORD2021
|
| 040 |
|
|
|a NUWS:W
|b eng
|
| 050 |
0 |
0 |
|a RC1230
|b .W66
|
| 082 |
0 |
4 |
|a 615.7
|
| 100 |
1 |
|
|a Woodland, Les.
|
| 245 |
1 |
0 |
|a Dope :
|b the use of drugs in sport /
|c Les Woodland.
|
| 246 |
3 |
|
|a Drugs in sport
|
| 260 |
|
|
|a Newton Abbot [Eng.] :
|b David & Charles,
|c c1980.
|
| 300 |
|
|
|a 204 p. ;
|c 22 cm.
|
| 500 |
|
|
|a Also published: Sydney: Reed, 1980.
|
| 504 |
|
|
|a Bibliography: p. 198-200.
|
| 650 |
|
0 |
|a Doping in sports.
|
| 650 |
|
0 |
|a Drug abuse.
|
| 852 |
8 |
|
|b CARM
|p 0578833
|f BK
|
| 999 |
f |
f |
|i 0ffaee8c-f0f3-586b-bb0d-176b6b880615
|s 3c03e34a-fea8-5593-9108-6ab440b286ff
|
| 952 |
f |
f |
|p Can circulate
|a CAVAL
|b CAVAL
|c CAVAL
|d CARM 1 Store
|i book
|m 0578833
|